000 00406nam a2200169Ia 4500
003 GCL
008 140319s9999 xx 000 0 eng d
040 _aGCL /
_cGCL
082 0 4 _a700
_bF B
100 1 _aFUAUAKERZ, H.
245 1 0 _aBOOKS ALBUMS /
_cFUAUAKERZ, H.
260 _a[S.N] :
_bSAVIET ARTIST PUBLISHING HOUSE
300 _a36 P
650 0 4 _aARTS
650 0 4 _aART, HISTORY
942 _2ddc
_cBK
999 _c19403
_d19403